[Event "Club Championships, C Grade"]
[Site "Wellington Chess Club"]
[Date "2010.09.07"]
[Round "7"]
[White "Whittle, Jonathon"]
[Black "Gillespie, John"]
[Result "1-0"]
[WhiteElo "1571"]
[BlackElo "1517"]

1. g3 d5 2. Bg2 Nf6 3. d3 e5 4. b3 c5 5. Bb2 Nc6 6. Nd2 Be7 7. e3 Bd7 8. Ne2
O-O 9. h3 d4 10. e4 Ne8 11. g4 Bh4 12. Nf3 g6 13. Bc1 Ng7 14. Bh6 g5 15. Nxh4
gxh4 16. f4 exf4 17. Nxf4 Qf6 18. Bxg7 Qxg7 19. Qf3 Ne5 20. Qf2 Bc6 21. O-O-O
Qg5 22. Kb1 Ng6 23. Rhf1 f5 24. Ne6 Qf6 25. Nxf8 Rxf8 26. gxf5 Ne5 27. Bf3 Kh8
28. Rg1 b5 29. Be2 a5 30. Qf4 Nf7 31. Rg4 a4 32. Rxh4 Rg8 33. Rg4 Rxg4 34. hxg4
c4 35. dxc4 a3 36. g5 Nxg5 37. e5 Qe7 38. cxb5 Be4 39. Rxd4 Qc7 40. Bc4 h6 41.
Rxe4 Nxe4 42. Qxh6+ Qh7 43. Qf8+ 1-0

[Event "Club Championships, C Grade"]
[Site "Wellington Chess Club"]
[Date "2010.09.07"]
[Round "7"]
[White "Wylde, Henry"]
[Black "Wilson, Dallas"]
[Result "0-1"]
[WhiteElo "1599"]
[BlackElo "1712"]

1. e4 e5 2. Nf3 Nc6 3. d4 exd4 4. Nxd4 Bc5 5. Nb3 Bb6 6. a4 Qf6 7. f3 a6 8. Nc3
Nge7 9. h4 h6 10. g4 d5 11. Nxd5 Nxd5 12. exd5 O-O 13. dxc6 Re8+ 14. Be2 Qxf3
15. Rf1 Qg3+ 16. Kd2 Bxg4 0-1

[Event "Club Championships, C Grade"]
[Site "Wellington Chess Club"]
[Date "2010.09.14"]
[Round "8"]
[White "Drinkwater, Blaise"]
[Black "Roberts, Michael"]
[Result "0-1"]
[WhiteElo "1425"]
[BlackElo "1710"]

1. e4 e5 2. Nf3 Nc6 3. Bc4 Bc5 4. c3 Qe7 5. O-O d6 6. d4 Bb6 7. d5 Nb8 8. Bb5+
c6 9. dxc6 bxc6 10. Bc4 Nf6 11. Ng5 O-O 12. Qf3 Ba6 13. Nd2 d5 14. exd5 cxd5
15. Bxd5 Nxd5 16. Qxd5 Bb7 0-1

[Event "Club Championships, C Grade"]
[Site "Wellington Chess Club"]
[Date "2010.09.14"]
[Round "8"]
[White "Gillespie, John"]
[Black "Veldhuizen, Matt"]
[Result "1-0"]
[WhiteElo "1517"]
[BlackElo "1481"]

1. d4 f5 2. Nf3 Nf6 3. c4 e6 4. Bg5 Be7 5. Nc3 d6 6. e3 O-O 7. Be2 a6 8. Qc2
Qe8 9. O-O a5 10. Nb5 Qd8 11. c5 c6 12. cxd6 Bxd6 13. Nxd6 Qxd6 14. Bf4 Qe7 15.
a4 Nbd7 16. Bc4 Nb6 17. Ba2 Nbd5 18. Bxd5 exd5 19. Ne5 Be6 20. Qb3 Nh5 21. Nd3
Nxf4 22. Nxf4 Bf7 23. Nd3 Be6 24. Qc3 Rfc8 25. Nc5 Qf7 26. Rfb1 Rc7 27. b4 b6
28. Nd3 axb4 29. Qxb4 Rb7 30. Ne5 Rc8 31. Nxf7 1-0

[Event "Club Championships, C Grade"]
[Site "Wellington Chess Club"]
[Date "2010.09.14"]
[Round "8"]
[White "Locke, John"]
[Black "Stephens, Dominick"]
[Result "0-1"]
[WhiteElo "100"]
[BlackElo "1343"]

1. d4 Nf6 2. c4 c5 3. Nf3 cxd4 4. Nxd4 e6 5. Nc3 Bb4 6. Bg5 Bxc3+ 7. bxc3 Qa5
8. Bd2 b6 9. e3 Ba6 10. Qf3 d5 11. Bd3 O-O 12. O-O Qc5 13. e4 Bxc4 14. Bxc4
Qxc4 15. e5 Ne4 16. Qe3 Nd7 17. f4 Rac8 18. Rfc1 Ndc5 19. Be1 Nd3 20. Rd1 Nxe1
21. Qxe1 Nxc3 22. Rac1 Rc7 23. Rxc3 Qxc3 24. Qxc3 Rxc3 25. Nb5 Rc4 26. g3 Ra4
27. Rd2 a6 28. Nc3 Rc4 29. Ne2 Rfc8 30. Nd4 f6 31. exf6 gxf6 32. Nxe6 Rc2 33.
Rxd5 Rxa2 34. Rd1 b5 35. Kf1 b4 36. Rb1 Rb8 37. Nd4 a5 38. Nc6 Rb6 39. Ne7+ Kf7
40. Nd5 Rb5 41. Nc3 bxc3 42. Rxb5 c2 43. Rb7+ Kg6 0-1

[Event "Club Championships, C Grade"]
[Site "Wellington Chess Club"]
[Date "2010.09.14"]
[Round "8"]
[White "Wilson, Dallas"]
[Black "Proctor, Matthew"]
[Result "1-0"]
[WhiteElo "1712"]
[BlackElo "1365"]

1. e4 e5 2. Nf3 Nc6 3. Bc4 Bc5 4. b4 Bxb4 5. c3 Ba5 6. O-O Nf6 7. d4 exd4 8. e5
dxc3 9. exf6 Qxf6 10. Re1+ Ne7 11. Bg5 c2 12. Qxc2 Qxa1 13. Rxe7+ Kf8 14. Rxf7+
Kg8 15. Rf4+ 1-0

[Event "Club Championships, C Grade"]
[Site "Wellington Chess Club"]
[Date "2010.09.21"]
[Round "9"]
[White "Farrington, Lawrence"]
[Black "Palmer, Luke"]
[Result "1-0"]
[WhiteElo "1696"]
[BlackElo "1012"]

1. e4 e5 2. Nf3 Nc6 3. Nc3 d6 4. Bb5 Bd7 5. d4 f6 6. d5 Nce7 7. Bxd7+ Qxd7 8.
O-O O-O-O 9. a4 f5 10. Ng5 Nf6 11. Nf7 Rg8 12. Nxd8 Qxd8 13. f3 g6 14. b4 Qd7
15. b5 b6 16. a5 bxa5 17. Rxa5 Kd8 18. Qe2 Nc8 19. Be3 Ke7 20. Bxa7 Bg7 21. Bf2
Kf7 22. Qc4 Ne8 23. Qc6 Qd8 24. Ra8 Nf6 25. b6 cxb6 26. Rfa1 Nd7 27. Nb5 Bf6
28. Nxd6+ Kg7 29. Rxc8 Qe7 30. Rxg8+ Kxg8 31. Nc8 Qf7 32. Ra8 Nf8 33. Bxb6 Kg7
34. Ra7 Qxa7 35. Bxa7 Kh6 36. Qe8 Bg7 37. Bc5 Bf6 38. Qxf8+ Kg5 39. Qxf6+ Kxf6
40. c4 Kf7 41. Nd6+ Ke7 42. Nxf5+ Kf6 43. Be3 Kf7 44. c5 Ke8 45. c6 Kd8 46. d6
gxf5 47. Bb6+ Ke8 48. d7+ Kf7 49. d8=R Kf6 50. c7 fxe4 51. Kf2 1-0

[Event "Club Championships, C Grade"]
[Site "Wellington Chess Club"]
[Date "2010.09.21"]
[Round "9"]
[White "Locke, John"]
[Black "Anderson, Gordon"]
[Result "1-0"]
[WhiteElo "100"]
[BlackElo "1535"]

1. d4 d6 2. c4 g6 3. Nc3 Bg7 4. e4 Nf6 5. Nf3 Bg4 6. Be2 O-O 7. h3 Bxf3 8. Bxf3
Nc6 9. O-O e5 10. d5 Nd4 11. Be3 Nxf3+ 12. Qxf3 a6 13. b4 Nh5 14. Rac1 Nf6 15.
c5 Nd7 16. Rc2 f5 17. exf5 Rxf5 18. Qd1 Qf8 19. Qd2 b6 20. c6 Nb8 { The rest of
this game is illegible on both scoresheets} 1-0

[Event "Club Championships, C Grade"]
[Site "Wellington Chess Club"]
[Date "2010.09.21"]
[Round "9"]
[White "Proctor, Matthew"]
[Black "Marney, John"]
[Result "0-1"]
[WhiteElo "1365"]
[BlackElo "1503"]

1. e4 e5 2. Nf3 Nc6 3. Bc4 Bc5 4. c3 Nf6 5. d4 exd4 6. cxd4 Bb4+ 7. Bd2 Nxe4 8.
Qe2 d5 9. Bxb4 Nxb4 10. Nc3 f5 11. a3 dxc4 12. Nxe4 Nd3+ 13. Kd2 fxe4 14. Qxe4+
Qe7 15. Qd5 Nf4 16. Qxc4 Be6 17. Qb5+ c6 18. Qe5 O-O 19. Rhe1 Rfe8 20. g3 Ng2
0-1

[Event "Club Championships, C Grade"]
[Site "Wellington Chess Club"]
[Date "2010.09.21"]
[Round "9"]
[White "Stephens, Dominick"]
[Black "Wilson, Dallas"]
[Result "0-1"]
[WhiteElo "1343"]
[BlackElo "1712"]

1. f4 d5 2. b3 Nc6 3. e3 Nf6 4. Bb5 Bg4 5. Nf3 e6 6. Bxc6+ bxc6 7. O-O d4 8.
Qe1 Bc5 9. Bb2 Bf5 10. Bxd4 Bb6 11. d3 O-O 12. Bxb6 cxb6 13. Ne5 c5 14. Nd2 Nd7
15. Ndf3 Nxe5 16. Nxe5 f6 17. Nf3 Bg6 18. e4 Bh5 19. Rd1 Qc7 20. Qe3 Rad8 21.
h3 Be8 22. g4 Bc6 23. Nd2 Rd7 24. f5 exf5 25. gxf5 g6 26. Qf4 Qxf4 27. Rxf4 g5
28. Rg4 h5 29. Rg2 Rff7 30. h4 g4 31. Nf1 Bxe4 32. Ng3 Bxg2 0-1

[Event "Club Championships, C Grade"]
[Site "Wellington Chess Club"]
[Date "2010.09.21"]
[Round "9"]
[White "Stoeveken, Peter"]
[Black "Gillespie, John"]
[Result "1-0"]
[WhiteElo "1584"]
[BlackElo "1517"]

1. d4 Nf6 2. c4 e6 3. Nf3 d5 4. Bg5 Be7 5. e3 Nbd7 6. Nc3 c6 7. Qc2 h6 8. Bh4
O-O 9. h3 dxc4 10. Bxc4 Nb6 11. Bb3 Nfd7 12. Qe4 Bxh4 13. Nxh4 Nf6 14. Qd3 Nfd5
15. Bc2 f5 16. Ng6 Rf6 17. Ne5 Nb4 18. Qe2 Nxc2+ 19. Qxc2 Nd7 20. O-O-O Qe8 21.
g4 Nxe5 22. dxe5 Rf7 23. Rd2 Bd7 24. f4 b5 25. g5 hxg5 26. Rg1 g6 27. Rxg5 Rg7
28. h4 Rc8 29. Qd1 b4 30. Nb1 Qe7 31. Rdg2 Qc5+ 32. Kd2 Be8 33. Qb3 Rd8+ 34.
Ke2 Qb5+ 35. Kf2 Rd5 36. h5 Kh7 37. a3 Qd3 38. Qxd3 Rxd3 39. axb4 Rb3 40. Kf3
Rxb4 41. Nc3 c5 42. Rd2 Bc6+ 43. Kg3 Rbb7 44. hxg6+ Rxg6 45. Rxg6 Kxg6 46. Rd6
Bd7 47. e4 fxe4 48. Nxe4 Rb3+ 49. Kg4 Bb5 50. Rxe6+ Kf7 51. Rf6+ Ke7 52. Nxc5
Be2+ 53. Kh4 Rb8 54. Rh6 Rg8 55. f5 Rg4+ 56. Kh3 Rg8 57. Rh7+ Ke8 58. Rxa7 Bg4+
59. Kh4 Bxf5 60. Ra8+ Kf7 61. Rxg8 Kxg8 62. Kg5 Bc8 63. Kf6 Kf8 64. b4 Ke8 65.
e6 Bxe6 66. Kxe6 Kd8 67. Kd6 Kc8 68. b5 Kb8 69. Kc6 Ka7 70. Nd7 Ka8 71. Kc7 1-0

[Event "Club Championships, C Grade"]
[Site "Wellington Chess Club"]
[Date "2010.09.28"]
[Round "10"]
[White "Marney, John"]
[Black "Drinkwater, Blaise"]
[Result "1/2-1/2"]
[WhiteElo "1503"]
[BlackElo "1425"]

1. e4 d5 2. exd5 Nf6 3. c4 c6 4. dxc6 Nxc6 5. Nf3 e5 6. d3 Bg4 7. Be2 Bc5 8.
Be3 Qb6 9. Bxc5 Qxc5 10. Nc3 Qb4 11. Qb3 O-O-O 12. Qxb4 Nxb4 13. O-O-O Bxf3 14.
gxf3 Nh5 15. a3 Nc6 16. Rhe1 Nf4 17. Bf1 Rhe8 18. Rd2 Nd4 19. Be2 Nb3+ 20. Kc2
Nxd2 21. Kxd2 a6 22. Bf1 g5 1/2-1/2

[Event "Club Championships, C Grade"]
[Site "Wellington Chess Club"]
[Date "2010.09.28"]
[Round "10"]
[White "Roberts, Michael"]
[Black "Proctor, Matthew"]
[Result "1/2-1/2"]
[WhiteElo "1710"]
[BlackElo "1365"]

1. e4 e5 2. f4 exf4 3. Nf3 d5 4. exd5 Nf6 5. d4 Nxd5 6. Bc4 Qe7+ 7. Qe2 Qxe2+
8. Kxe2 Be6 9. Bxd5 Bxd5 10. Bxf4 c5 11. Re1 cxd4 12. Kd3+ Be7 13. Nxd4 Nc6 14.
Bd6 Be6 15. Bxe7 Kxe7 16. Nxc6+ bxc6 17. Nc3 Rhd8+ 18. Ke3 f5 19. Rad1 Kf6
1/2-1/2

[Event "Club Championships, C Grade"]
[Site "Wellington Chess Club"]
[Date "2010.09.28"]
[Round "10"]
[White "Stephens, Dominick"]
[Black "Stoeveken, Peter"]
[Result "1-0"]
[WhiteElo "1343"]
[BlackElo "1584"]

1. f4 e5 2. fxe5 d6 3. exd6 Bxd6 4. Nf3 g5 5. g3 g4 6. Nh4 Ne7 7. d4 Ng6 8.
Nxg6 hxg6 9. Qd3 Bf5 10. e4 Qe7 11. Bg2 Nc6 12. c3 O-O-O 13. Be3 Bd7 14. Nd2
Qe8 15. O-O-O f6 16. Rdf1 Be7 17. Kb1 Rh5 18. Nc4 Na5 19. Nxa5 Rxa5 20. a3 Bb5
21. c4 Ba4 22. b4 Rh5 23. h3 Qf8 24. Qc3 a5 25. Bd2 axb4 26. axb4 c5 27. dxc5
Bxc5 28. Rxf6 Qh8 29. bxc5 Rxd2 30. Qxd2 Qxf6 31. hxg4 Rxc5 32. Qb4 Rc6 33. e5
Rb6 34. exf6 Rxb4+ 35. Ka2 Be8 36. Rh8 Kd7 37. Bd5 b5 38. cxb5 Rxb5 39. Rh7+
Kd6 40. f7 Bxf7 41. Bxf7 Rb7 42. Bxg6 Rb4 43. Rh4 Ke5 44. Rh5+ 1-0

[Event "Club Championships, C Grade"]
[Site "Wellington Chess Club"]
[Date "2010.09.28"]
[Round "10"]
[White "Wilson, Dallas"]
[Black "Veldhuizen, Matt"]
[Result "1-0"]
[WhiteElo "1712"]
[BlackElo "1481"]

1. e4 e6 2. d4 d5 3. Nc3 c5 4. e5 Nc6 5. Nf3 Qb6 6. Be3 Bd7 7. Be2 f6 8. exf6
Nxf6 9. O-O O-O-O 10. dxc5 Qa5 11. a3 a6 12. b4 Qc7 13. Rb1 Ne5 14. Nxe5 Qxe5
15. Bd4 Qg5 16. f4 Qg6 17. b5 axb5 18. Nxb5 Be7 19. Na7+ Kc7 20. Be5+ 1-0

[Event "Julian Mazur Memorial"]
[Site "Wellington Chess Club"]
[Date "2010.10.19"]
[Round "1"]
[White "Aldridge, Alan"]
[Black "Veldhuizen, Matt"]
[Result "1/2-1/2"]
[WhiteElo "1909"]
[BlackElo "1481"]

1. d4 f5 2. c4 Nf6 3. Nf3 e6 4. g3 d6 5. Bg2 Be7 6. O-O O-O 7. b4 Qe8 8. Nc3
Nbd7 9. Re1 Nb6 10. Qd3 d5 11. cxd5 Nfxd5 12. a3 Nxc3 13. Qxc3 Nd5 14. Qc2 c6
15. Bd2 Bf6 16. e4 fxe4 17. Qxe4 Qf7 18. Re2 Bd7 19. Rae1 Rae8 20. Ne5 Bxe5 21.
Qxe5 Qf6 22. Qd6 Qf7 23. f4 Bc8 24. Bh3 Nc7 25. a4 a6 26. b5 axb5 27. Ba5 Nd5
28. axb5 Qf6 29. Qc5 Bd7 30. bxc6 bxc6 31. Re5 Rc8 32. Bxe6+ Bxe6 33. Rxe6 Qf5
34. Rxc6 Rxc6 35. Qxc6 Nxf4 36. gxf4 Qxa5 37. Rf1 Qf5 38. Qc4+ Kh8 39. Qe2 Qf6
40. Qe5 Qg6+ 41. Kh1 Qc6+ 42. d5 Qd7 43. d6 Re8 44. Qd5 Rd8 45. Re1 h6 46. Rd1
Rf8 47. Rd4 Re8 48. Re4 Rxe4 49. Qxe4 Qxd6 50. Qe8+ Kh7 51. Qe4+ Qg6 52. f5 Qf7
1/2-1/2

[Event "Julian Mazur Memorial"]
[Site "Wellington Chess Club"]
[Date "2010.10.19"]
[Round "1"]
[White "Dive, Russell"]
[Black "Kay, Bruce"]
[Result "1-0"]
[WhiteElo "2460"]
[BlackElo "1738"]

1. c4 Nf6 2. g3 c5 3. Bg2 Nc6 4. Nc3 e6 5. e4 d6 6. Nge2 Be7 7. d4 cxd4 8. Nxd4
e5 9. Nf5 O-O 10. O-O a6 11. Bg5 Bxf5 12. exf5 Qd7 13. g4 Rac8 14. b3 Nd4 15.
Be3 Nc6 16. g5 Ne8 17. Qf3 Nd4 18. Bxd4 exd4 19. Ne4 f6 20. g6 h6 21. Rad1 b5
22. Rxd4 bxc4 23. bxc4 Qa4 24. Nc3 Qa3 25. Re1 Bd8 26. Qd5+ Kh8 27. Qf7 1-0

[Event "Julian Mazur Memorial"]
[Site "Wellington Chess Club"]
[Date "2010.10.19"]
[Round "1"]
[White "Drinkwater, Blaise"]
[Black "Brockway, Andrew"]
[Result "0-1"]
[WhiteElo "1425"]
[BlackElo "1804"]

1. e4 c5 2. Nf3 g6 3. d4 cxd4 4. Nxd4 Nc6 5. Nc3 Bg7 6. Be3 Nf6 7. h3 O-O 8.
Qd2 d6 9. Be2 Nxd4 10. Bxd4 Bd7 11. Nd5 Nxe4 12. Qd3 Qa5+ 13. c3 Qxd5 14. Bxg7
Qxd3 15. Bxd3 Kxg7 16. Bxe4 Bc6 17. Bxc6 bxc6 18. Ke2 Rab8 19. b3 Rb7 20. c4
Rfb8 21. Kd3 a5 22. Rhe1 e6 23. g4 Rb4 24. Kc3 d5 25. Rab1 dxc4 26. a3 Rxb3+
27. Rxb3 Rxb3+ 28. Kxc4 Rxa3 0-1

[Event "Julian Mazur Memorial"]
[Site "Wellington Chess Club"]
[Date "2010.10.19"]
[Round "1"]
[White "Havukkala, Ilkka"]
[Black "Turner, Michael"]
[Result "0-1"]
[WhiteElo "1600"]
[BlackElo "2099"]

1. e4 c6 2. d4 d5 3. e5 Bf5 4. Bd3 Qd7 5. Ne2 Na6 6. Bxf5 Qxf5 7. Ng3 Qg6 8. c3
h5 9. h4 e6 10. Be3 Ne7 11. Nd2 Nf5 12. Qf3 Nxg3 13. fxg3 Be7 14. Rf1 Rf8 15.
Rc1 Kd7 16. a3 b5 17. Bf2 f6 18. exf6 gxf6 19. Qe2 Bd6 20. a4 Rab8 21. b4 Bxg3
22. axb5 cxb5 23. Ra1 Rb6 24. Nb3 Bd6 25. Nc5+ Bxc5 26. bxc5 Rc6 27. Qxb5 Rb8
28. Qe2 Nc7 29. Be3 a6 30. Bf4 e5 31. dxe5 fxe5 32. Bg5 Nb5 33. Kd2 d4 34. cxd4
Nxd4 35. Qd3 Rb2+ 36. Ke3 Rb3 0-1

[Event "Julian Mazur Memorial"]
[Site "Wellington Chess Club"]
[Date "2010.10.19"]
[Round "1"]
[White "Hewson, Michael"]
[Black "Nijman, Brian"]
[Result "0-1"]
[WhiteElo "1708"]
[BlackElo "2160"]

1. e4 c5 2. d4 cxd4 3. c3 d3 4. Bxd3 d6 5. Nf3 Nf6 6. Bg5 Nbd7 7. Qa4 a6 8. O-O
Rb8 9. Rd1 Qb6 10. Rd2 Qc6 11. Qc2 Nc5 12. Nd4 Qc7 13. a4 Nxd3 14. Qxd3 Nd7 15.
Na3 Nc5 16. Qc2 Bd7 17. b3 g6 18. Nc4 Ne6 19. Be3 Bg7 20. a5 O-O 21. Nb6 Bc6
22. Rad1 Nc5 23. Nxc6 Qxc6 24. Bxc5 Qxc5 25. Nd7 Qxa5 26. Nxf8 Kxf8 27. c4 Rc8
28. Rd5 Qb4 29. f4 Qb6+ 30. Kf1 Qe3 31. g3 Bf6 32. Qd3 Qxd3+ 33. R1xd3 Bb2 34.
e5 Ba3 35. Ke2 Bb4 36. Kf3 e6 37. Rxd6 Bxd6 38. exd6 Rd8 39. c5 Ke8 40. b4 Kd7
41. Ke4 f6 42. Kd4 Kc6 43. Kc4 h5 44. Re3 Kd7 45. h3 Re8 { ten more moves -
could not read the rest} 46. g4 0-1

[Event "Julian Mazur Memorial"]
[Site "Wellington Chess Club"]
[Date "2010.10.19"]
[Round "1"]
[White "Jackson, Ross"]
[Black "Gillespie, John"]
[Result "1-0"]
[WhiteElo "1977"]
[BlackElo "1517"]

1. d4 d5 2. c4 e6 3. Nc3 Nf6 4. cxd5 exd5 5. Bg5 c6 6. Qc2 Be7 7. e3 h6 8. Bh4
O-O 9. Bd3 Nbd7 10. Nge2 Re8 11. O-O Nf8 12. f3 Nh5 13. Bxe7 Qxe7 14. e4 dxe4
15. fxe4 Nf6 16. Rae1 Be6 17. Nf4 Qd7 18. d5 cxd5 19. Bb5 Qc7 20. Bxe8 d4 21.
Nxe6 Nxe6 22. Bxf7+ Kxf7 23. e5 dxc3 24. exf6 Qb6+ 25. Rf2 Rd8 26. fxg7+ Kxg7
27. Qxc3+ Kg8 28. Qf6 Rd6 29. Qg6+ Kh8 30. Qxh6+ Kg8 31. Qg6+ Kh8 32. Qf6+ Kh7
33. Kh1 Ng7 34. Qh4+ Rh6 35. Qe4+ Rg6 36. Rf3 Kg8 37. Qc4+ Re6 38. Qc8+ Kh7 39.
Rh3+ Rh6 40. Rxh6+ Kxh6 41. Qh3+ Kg6 42. Qd3+ Nf5 43. Rf1 1-0

[Event "Julian Mazur Memorial"]
[Site "Wellington Chess Club"]
[Date "2010.10.19"]
[Round "1"]
[White "Marney, John"]
[Black "Wilkins, Mark"]
[Result "0-1"]
[WhiteElo "1503"]
[BlackElo "1921"]

1. e4 c6 2. d4 d5 3. Nc3 dxe4 4. Nxe4 Bf5 5. Ng3 Bg6 6. Nf3 e6 7. Bd3 Bd6 8.
Bxg6 hxg6 9. Ne4 Bc7 10. c3 Nd7 11. Qd3 Ndf6 12. Bg5 Qd5 13. Nxf6+ Nxf6 14.
Bxf6 gxf6 15. O-O O-O-O 16. a4 Qh5 17. g3 Rd5 18. Kg2 Qh3+ 19. Kh1 Rf5 20. Nh4
Rxh4 0-1

[Event "Julian Mazur Memorial"]
[Site "Wellington Chess Club"]
[Date "2010.10.19"]
[Round "1"]
[White "Pomeroy, Arthur"]
[Black "Farrington, Lawrence"]
[Result "1/2-1/2"]
[WhiteElo "2099"]
[BlackElo "1696"]

1. e4 e5 2. Nf3 Nf6 3. Nxe5 d6 4. Nf3 Nxe4 5. d4 d5 6. Bd3 Bd6 7. O-O O-O 8. c4
c6 9. Nc3 Nxc3 10. bxc3 h6 11. Rb1 b6 12. Re1 Nd7 13. Bf1 Re8 14. cxd5 cxd5 15.
Bb2 Bb7 16. Qd2 Qc7 17. Bb5 Bc6 18. Bf1 Rac8 19. c4 Bf4 20. Qc3 Bd6 21. Rxe8+
Rxe8 22. c5 bxc5 23. dxc5 Bf8 24. Ba3 Ne5 25. Nd4 g6 26. Nxc6 Nxc6 27. Bb2 d4
28. Qc4 Bg7 29. Bd3 Ne5 30. Qa4 1/2-1/2

[Event "Julian Mazur Memorial"]
[Site "Wellington Chess Club"]
[Date "2010.10.19"]
[Round "1"]
[White "Sellen, Ian"]
[Black "Stoeveken, Peter"]
[Result "1-0"]
[WhiteElo "2026"]
[BlackElo "1584"]

1. c4 e5 2. Nc3 Nf6 3. Nf3 Nc6 4. g3 Bc5 5. Bg2 e4 6. Nh4 g5 7. Nf5 d5 8. cxd5
Nxd5 9. Bxe4 Bxf5 10. Bxf5 Nxc3 11. bxc3 Ne7 12. Qa4+ c6 13. Qe4 h5 14. Bh3 g4
15. Bg2 Qd6 16. d4 Bb6 17. O-O f5 18. Bf4 Qa3 19. Qe5 Rh7 20. c4 Rc8 21. d5
cxd5 22. cxd5 Qa5 23. Qe6 Kf8 24. d6 Ng6 25. Qxg6 1-0

[Event "Julian Mazur Memorial"]
[Site "Wellington Chess Club"]
[Date "2010.10.19"]
[Round "1"]
[White "Stephens, Dominick"]
[Black "Capper, David"]
[Result "0-1"]
[WhiteElo "1744"]
[BlackElo "1343"]

1. f4 Nf6 2. b3 e6 3. Bb2 Be7 4. Nf3 Nc6 5. e3 d5 6. Bb5 O-O 7. Bxc6 bxc6 8.
O-O c5 9. d3 Bb7 10. Nbd2 c6 11. Ne5 Qb6 12. Ndf3 Rad8 13. Qe1 h6 14. g4 Nh7
15. Kh1 Bc8 16. Rg1 g5 17. h4 d4 18. fxg5 hxg5 19. hxg5 Nxg5 20. Qh4 Nxf3 21.
Qxe7 Nxe5 22. Qg5+ Ng6 23. Rg3 Kg7 24. Kg2 f6 25. Qh5 Rh8 26. Rh1 Rd5 27. Qxh8+
Nxh8 28. Rgh3 Ng6 29. Rh7+ Kg8 30. e4 Rg5 0-1

[Event "Julian Mazur Memorial"]
[Site "Wellington Chess Club"]
[Date "2010.10.19"]
[Round "1"]
[White "Stracy, Don"]
[Black "Proctor, Matthew"]
[Result "1-0"]
[WhiteElo "1796"]
[BlackElo "1365"]

1. e4 e5 2. Nf3 Nc6 3. Bb5 a6 4. Ba4 Nf6 5. O-O b5 6. Bb3 Bb7 7. Re1 Bc5 8. c3
d6 9. d4 Bb6 10. Bg5 O-O 11. a4 Na5 12. Nbd2 Re8 13. Bc2 Nc4 14. Nxc4 bxc4 15.
a5 Ba7 16. Qe2 c5 17. Qxc4 cxd4 18. cxd4 Rc8 19. Qd3 Bxd4 20. Nxd4 exd4 21. f3
h6 22. Bh4 d5 23. e5 g5 24. Bf2 Nd7 25. Qh7+ Kf8 26. Qxh6+ Ke7 27. Qxg5+ Ke6
28. Bf5# 1-0

[Event "Julian Mazur Memorial"]
[Site "Wellington Chess Club"]
[Date "2010.10.19"]
[Round "1"]
[White "Wastney, Scott"]
[Black "Roberts, Michael"]
[Result "1-0"]
[WhiteElo "2375"]
[BlackElo "1710"]

1. e4 e5 2. Nf3 Nc6 3. Nc3 Nf6 4. a3 Be7 5. d4 d6 6. Bb5 exd4 7. Nxd4 Bd7 8.
O-O O-O 9. Re1 Nxd4 10. Qxd4 Bxb5 11. Nxb5 a6 12. Nc3 Qd7 13. Bf4 Nh5 14. Bd2
Nf6 15. Rad1 Rad8 16. h3 Rfe8 17. Bf4 Qc8 18. Qd2 Bf8 19. Bg5 h6 20. Bxf6 gxf6
21. Nd5 Bg7 22. Qf4 Re6 23. Rd3 c6 24. Ne3 Qc7 25. Nf5 Kh7 26. Rg3 1-0

[Event "Julian Mazur Memorial"]
[Site "Wellington Chess Club"]
[Date "2010.10.19"]
[Round "1"]
[White "Whittle, Jonathon"]
[Black "Forster, Bill"]
[Result "0-1"]
[WhiteElo "1571"]
[BlackElo "1984"]

1. e4 e6 2. d3 c5 3. Nf3 g6 4. Bg5 Qb6 5. Qc1 Bg7 6. c3 Nc6 7. g3 Nge7 8. Bg2
O-O 9. O-O d6 10. Nbd2 Bd7 11. Nc4 Qc7 12. Qf4 f6 13. Qxd6 Qxd6 14. Nxd6 fxg5
15. Nxb7 g4 16. Ng5 Bf6 17. h4 gxh3 18. Nxh3 Rab8 19. Nxc5 Rfd8 20. Rab1 Rb5
21. d4 e5 22. Nxd7 Rxd7 23. d5 Nd8 24. c4 Rc5 25. b3 Nc8 26. f3 Nd6 27. Nf2
N8b7 28. Nd3 Rcc7 29. Rfc1 Nc5 30. Nb4 Bg5 31. Rc2 Be3+ 32. Kf1 Rf7 33. Ke2 Bd4
34. Nc6 g5 35. Nxd4 exd4 36. b4 d3+ 37. Kd2 dxc2 38. Kxc2 Ncxe4 39. c5 Nxc5 40.
bxc5 Rxc5+ 41. Kb3 Rb7+ 0-1

[Event "Julian Mazur Memorial"]
[Site "Wellington Chess Club"]
[Date "2010.10.19"]
[Round "1"]
[White "Wilson, Dallas"]
[Black "Ker, Anthony"]
[Result "0-1"]
[WhiteElo "1712"]
[BlackElo "2432"]

1. e4 d6 2. d4 Nf6 3. Nc3 g6 4. Be3 a6 5. Bd3 b5 6. f3 Nbd7 7. Nge2 c5 8. Nf4
cxd4 9. Bxd4 e5 10. Bxe5 dxe5 11. Nfd5 b4 12. Ne2 Nxd5 13. exd5 Qb6 14. c4 bxc3
15. bxc3 Bh6 16. Rf1 O-O 17. Rb1 Qe3 18. Rb4 Nc5 19. Bc2 Bf5 20. Rh4 Rab8 21.
Bxf5 gxf5 22. Qc2 Nd3+ 23. Kd1 Rb1+ 24. Qxb1 Qd2# 0-1

[Event "Julian Mazur Memorial"]
[Site "Wellington Chess Club"]
[Date "2010.10.26"]
[Round "2"]
[White "Brockway, Andrew"]
[Black "Sellen, Ian"]
[Result "0-1"]
[WhiteElo "1804"]
[BlackElo "2026"]

1. e4 c6 2. d4 d5 3. exd5 cxd5 4. Bd3 Nc6 5. c3 g6 6. Bf4 Bg7 7. Nf3 Nf6 8.
Nbd2 O-O 9. Ne5 Nh5 10. Nxc6 bxc6 11. Be3 Qd6 12. Qf3 e5 13. dxe5 Bxe5 14. g3
Re8 15. Nb3 Nf6 16. h3 Ne4 17. O-O-O f5 (17... Nxc3 18. bxc3 (18. Bc5 Nxa2+ 19.
Kb1 Nc3+ 20. bxc3 Qb8 21. Ka2 a5 22. Bc2 a4 23. Nd4) 18... Qa3+ 19. Kb1 Rb8 20.
Qe2 Bxc3 21. Qc2 d4) 18. Bxe4 fxe4 19. Qe2 a5 20. Bc5 Qc7 21. Nd4 Ba6 22. Qe3
Rab8 23. Qg5 Bg7 24. Rhe1 Qb7 25. Qd2 Bh6 26. Qxh6 Qxb2# 0-1

[Event "Julian Mazur Memorial"]
[Site "Wellington Chess Club"]
[Date "2010.10.26"]
[Round "2"]
[White "Farrington, Lawrence"]
[Black "Nyberg, Michael"]
[Result "0-1"]
[WhiteElo "1696"]
[BlackElo "1998"]

1. e4 c6 2. d4 e5 3. dxe5 Qa5+ 4. Nc3 Qxe5 5. Nf3 Qc7 6. Bd3 Bb4 7. O-O Ne7 8.
a3 Bxc3 9. bxc3 d6 10. h3 Ng6 11. Be3 Nd7 12. Qd2 O-O 13. Bf4 Nde5 14. Bxe5
dxe5 15. Qe3 Nf4 16. Kh2 b6 17. Ne1 Be6 18. Be2 Rad8 19. Nd3 Bc4 20. Nxf4 exf4
0-1

[Event "Julian Mazur Memorial"]
[Site "Wellington Chess Club"]
[Date "2010.10.26"]
[Round "2"]
[White "Forster, Bill"]
[Black "Dive, Russell"]
[Result "0-1"]
[WhiteElo "1984"]
[BlackElo "2460"]

1. c4 c6 2. g3 d5 3. Bg2 Nf6 4. d4 a6 5. Nf3 e6 6. b3 Bb4+ 7. Bd2 Be7 8. O-O
O-O 9. Bc3 Ne4 10. Bb2 Nd7 11. Nbd2 f5 12. Ne5 Nxe5 13. dxe5 Nxd2 14. Qxd2 dxc4
15. Qc2 cxb3 16. Qxb3 Qc7 17. e4 g6 18. exf5 gxf5 19. Rac1 Bd7 20. Rfd1 Rad8
21. Qc3 Bc8 22. Rd6 c5 23. Rcd1 b5 24. R1d5 exd5 25. Bxd5+ Kg7 26. Qe3 f4 27.
gxf4 Bf5 28. Qg3+ Kh8 29. Kh1 c4 30. h4 b4 31. h5 c3 32. h6 Bxd6 33. exd6 Rxd6
0-1

[Event "Julian Mazur Memorial"]
[Site "Wellington Chess Club"]
[Date "2010.10.26"]
[Round "2"]
[White "Gillespie, John"]
[Black "Hewson, Michael"]
[Result "1-0"]
[WhiteElo "1517"]
[BlackElo "1708"]

1. e4 d5 2. exd5 Qxd5 3. Nc3 Qe5+ 4. Qe2 Qxe2+ 5. Bxe2 c6 6. d4 Bf5 7. Bd1 Nf6
8. Nge2 e6 9. O-O Nbd7 10. Ng3 Bg6 11. Nce2 Bd6 12. f4 O-O 13. f5 exf5 14. Nxf5
Bxf5 15. Rxf5 Rfe8 16. Rf1 Ng4 17. Bf4 Bxf4 18. Nxf4 Ne3 19. Re1 Nf6 20. c3
Nxd1 21. Raxd1 Rxe1+ 22. Rxe1 Re8 23. Rxe8+ Nxe8 24. Kf2 Nf6 25. Kf3 Kf8 26. c4
Ke7 27. g4 Ke8 28. g5 Nd7 29. Nh5 g6 30. Nf4 f5 31. gxf6 Nxf6 32. d5 g5 33. Ne6
cxd5 34. Nc7+ Kd7 35. Nxd5 Nxd5 36. cxd5 Kd6 37. Kg4 Kxd5 38. Kxg5 Ke5 39. h4
a6 40. a3 b6 41. h5 Ke6 42. Kh6 Kf6 43. Kxh7 Kf7 44. Kh6 Kf6 45. b3 Kf7 46. Kg5
Kg7 47. h6+ Kf7 48. Kf5 Kg8 49. Kg6 1-0